000 00629 a2200193 4500
001 130827
020 _a85-224-2014-9
040 _cLeonardo Da Vinci
041 _aPortuguês
082 _a004.1 C834i
_bC834i
100 _aCORNACHIONE JUNIOR, Edgar B
245 _aInformática aplicada às áreas de contabilidade, administração e economia
250 _a2.ed
260 _bAtlas
_c1998
_aSão Paulo
300 _a303
362 _a19980000
697 _aCiência da computação
_aInformática
_aProcessamento de dados
_aProcessamento eletrônico de dados
_aContabilidade
_aAdministração
_aEconomia
_aFIPEN
942 _cBK
999 _c130827
_d130827